Computer science : (رقم التسجيلة. 31375)

تفاصيل مارك
000 -الفاتح
حقل البيانات ثابتة الطول 00810nam a2200265 a 4500
001 - رقم الضبط
رقم الضبط 51963494
003 - محدد رقم الضبط
رقم الضبط OCoLC
005 - وقت وتاريخ اخر تعامل مع التسجيلة
رقم الضبط 20150408114143.0
008 - عناصر البيانات ثابتة الطول - معلومات عامة
حقل البيانات ثابتة الطول 030206s2004 caua 001 0 eng c
010 ## - رقم ضبط مكتبة الكونجرس
رقم ضبط مكتبة الكونجرس 2003109925
020 ## - الرقم الدولى المعيارى للكتب
الرقم الدولى المعيارى للكتاب 9788131515754
040 ## - مصدر الفهرسة
وكالة الفهرسة الأصلية Ma-Un
050 #4 - رقم طلب مكتبة الكونجرس
رقم التصنيف QA76.73.C153
رقم المادة F685 2004
082 04 - رقم تصنيف ديوى العشرى
رقم التصنيف 005.133
رقم الطبعة 21
100 1# - المدخل الرئيسى - إسم شخصى
الإسم الشخصى Forouzan, Behrouz A.
9 (RLIN) 4862
245 10 - بيان العنوان
العنوان Computer science :
بقية العنوان a structured approach using C++ /
بيان المسئوليه,etc Behrouz A. Forouzan, Richard F. Gilberg.
250 ## - بيان الطبعة
بيان الطبعة 2nd ed.
260 ## - PUBLICATION, DISTRIBUTION, ETC. (IMPRINT)
مكان الناشر او الموزع Belmont, CA :
اسم الناشر او الموزع Thomson Brooks/Cole,
تاريخ النشر أو التوزيع c2011.
300 ## - الوصف المادى
التعداد xxx, 856 p. :
تفاصيل ماديه اخرى للوعاء col. ill. ;
أبعاد الوعاء 25 cm.
500 ## - تبصرة عامة
تبصرة عامة Includes index.
650 #0 - المدخل الاضافى بالموضوع-مصطلح موضوعى
مصطلح موضوعي أو اسم جغرافي كعنصر مدخل C++ (Computer program language)
650 #0 - المدخل الاضافى بالموضوع-مصطلح موضوعى
مصطلح موضوعي أو اسم جغرافي كعنصر مدخل Structured programming.
9 (RLIN) 38147
700 1# - المدخل الاضافى - اسم شخصى
الإسم الشخصى Gilberg, Richard F.
9 (RLIN) 38148
942 ## - عناصر المدخل الإضافي( كوها)
مصدر التصنيف او مخطط الترفيف Dewey Decimal Classification
Koha [default] item type كتاب
المقتنيات
حالة الفقد نموذج السعر الفعال حالة تلف ليس للاعارة رقم الطلب رقم النسخة تاريخ الاكتساب الموقع الحالي الباركود الفرع الرئيسي Date last seen نوع المادة فى نظام كوها مصدر التصنيف او خطة الترفيف Total Checkouts
  2013-10-26   Not For Loan 005.133 F B C n3 2013-10-26 المكتبة المركزية بالمجمعة (CL) 00451604 المكتبة المركزية بالمجمعة (CL) 2013-10-26 كتاب Dewey Decimal Classification  
  2013-10-26     005.133 F B C n2 2013-10-26 المكتبة المركزية بالمجمعة (CL) 00451602 المكتبة المركزية بالمجمعة (CL) 2013-10-26 كتاب Dewey Decimal Classification  
  2013-10-26     005.133 F B C n1 2013-10-26 المكتبة المركزية بالمجمعة (CL) 00451605 المكتبة المركزية بالمجمعة (CL) 2013-10-26 كتاب Dewey Decimal Classification  
  2013-10-26   Not For Loan 005.133 F B C n3 2013-10-26 مكتبة مجمع الكليات بالزلفى - طلاب (SZM) 00451603 مكتبة مجمع الكليات بالزلفى - طلاب (SZM) 2013-10-26 كتاب Dewey Decimal Classification  
  2013-10-26     005.133 F B C n2 2013-10-26 مكتبة مجمع الكليات بالزلفى - طلاب (SZM) 00451606 مكتبة مجمع الكليات بالزلفى - طلاب (SZM) 2013-10-26 كتاب Dewey Decimal Classification  
  2013-10-26     005.133 F B C n1 2013-10-26 مكتبة مجمع الكليات بالزلفى - طلاب (SZM) 00451607 مكتبة مجمع الكليات بالزلفى - طلاب (SZM) 2013-10-26 كتاب Dewey Decimal Classification